Central Library OPAC University of Rajshahi

Studies in American demography / (Record no. 35641)

MARC details
000 -LEADER
fixed length control field 00682nam a2200241 4500
001 - CONTROL NUMBER
control field 35641
003 - CONTROL NUMBER IDENTIFIER
rucl marc code BD-RjUL
005 - DATE AND TIME OF LATEST TRANSACTION
control field 20211209052345.0
008 - FIXED-LENGTH DATA ELEMENTS--GENERAL INFORMATION
fixed length control field 710622t19711940nyua bs 001 0 eng
035 ## - SYSTEM CONTROL NUMBER
System control number (BD-RjUL)
040 ## - CATALOGING SOURCE
Original cataloging agency DLC
Transcribing agency DLC
Modifying agency DLC
Language of cataloging eng
041 ## - LANGUAGE CODE
Language code of text/sound track or separate title eng
082 00 - DEWEY DECIMAL CLASSIFICATION NUMBER
Classification number 312.0973
Author mark and year WIS 1971
100 1# - MAIN ENTRY--PERSONAL NAME
Personal name Willcox, Walter Francis,
Dates associated with a name 1861-1964.
9 (RLIN) 108519
245 10 - TITLE STATEMENT
Title Studies in American demography /
260 ## - PUBLICATION, DISTRIBUTION, ETC. (IMPRINT)
Place of publication, distribution, etc. New York :
Name of publisher, distributor, etc. Russell & Russell ;
Date of publication, distribution, etc. 1971
300 ## - PHYSICAL DESCRIPTION
Pagination xxx, 556 p. :
Illustrations illus. ;
Size 23 cm.
504 ## - BIBLIOGRAPHY, ETC. NOTE
Bibliography, etc Bibliography: p. 541-547.
651 #0 - SUBJECT ADDED ENTRY--GEOGRAPHIC NAME
Geographic name United States
General subdivision Population.
9 (RLIN) 40155
942 ## - ADDED ENTRY ELEMENTS (KOHA)
Source of classification or shelving scheme Dewey Decimal Classification
Koha item type Books
Holdings
Lost status Source of classification or shelving scheme Damaged status Not for loan Collection code Permanent Location Current Location Shelving location Date acquired Source of acquisition Total Checkouts Full call number Date last seen Copy number Koha item type
  Dewey Decimal Classification     Non-fiction Central Library, University of Rajshahi Central Library, University of Rajshahi   22/01/1974 U. S. I .S.   304.60973 WIS 1971 28/05/2014 C-2 Books